[Event "Corsica Masters KO"]
[Site "Bastia FRA"]
[Date "2003.11.01"]
[Round "1.2"]
[White "Shirov,A"]
[Black "Tkachiev,V"]
[Result "1/2-1/2"]
[WhiteElo "2737"]
[BlackElo "2645"]
[EventDate "2003.11.01"]

1. e4 e5 2. Nf3 Nc6 3. Bb5 a6 4. Ba4 Nf6 5. O-O Be7 6. Re1 b5 7. Bb3 d6 8.
c3 O-O 9. h3 Na5 10. Bc2 c5 11. d4 Qc7 12. Nbd2 cxd4 13. cxd4 Nc6 14. Nb3
a5 15. Be3 a4 16. Nbd2 Be6 17. a3 Rfc8 18. Rc1 Bd7 19. Bd3 Qb8 20. Qe2 b4
21. dxe5 Nxe5 22. Nxe5 dxe5 23. Nc4 Bc5 24. Bg5 Ne8 25. axb4 Bxb4 26. Red1
Be6 27. Ne3 Rxc1 28. Rxc1 h6 29. Bh4 a3 30. bxa3 Bxa3 31. Rb1 Qc7 32. Nd5
Bxd5 33. exd5 Rb8 34. Rxb8 Qxb8 35. Qe4 g6 36. Qa4 Bd6 37. Qd7 Kg7 38. Bb5
1/2-1/2

[Event "Corsica Masters KO"]
[Site "Bastia FRA"]
[Date "2003.11.01"]
[Round "1.3"]
[White "Shirov,A"]
[Black "Tkachiev,V"]
[Result "1/2-1/2"]
[WhiteElo "2737"]
[BlackElo "2645"]
[EventDate "2003.11.01"]

1. e4 e5 2. Nf3 Nc6 3. Bb5 a6 4. Ba4 Nf6 5. O-O Be7 6. Re1 b5 7. Bb3 d6 8.
c3 O-O 9. h3 Na5 10. Bc2 c5 11. d4 Qc7 12. Nbd2 cxd4 13. cxd4 Nc6 14. Nb3
a5 15. Be3 a4 16. Nbd2 Be6 17. a3 Rfc8 18. Rc1 Bd7 19. Bd3 Qb8 20. Qe2 b4
21. Nc4 exd4 22. Bf4 Re8 23. e5 dxe5 24. Nfxe5 Nxe5 25. Bxe5 Qb7 26. Qc2
bxa3 27. bxa3 Qb3 28. Qd2 Be6 29. Bxd4 Bxc4 30. Bxc4 Qxa3 31. Ra1 Qb4 32.
Qa2 Rf8 33. Rab1 Qa3 34. Rb7 Qxa2 35. Bxa2 Bd6 36. g4 h6 37. Kg2 a3 38. Rd1
Rab8 39. Rxb8 Bxb8 40. Bc5 Rc8 41. Bxa3 Ba7 42. Bb2 Bb8 43. Bxf6 gxf6 44.
Rd7 Rf8 45. Kf3 f5 46. gxf5 Kg7 47. Kg4 Kf6 48. Kh5 Bf4 49. h4 Kg7 50. f3
Kf6 51. Bd5 Kg7 52. Rb7 Be5 53. Bb3 Bf6 54. f4 Bd8 55. Bd5 Bf6 56. Rd7 Bc3
57. Rd6 Bf6 58. Rd7 1/2-1/2